000 00620nam a2200229 i 4500
001 C2-0282172
003 PPAK
005 20180728012610.0
008 071001s2004 my |||| ||||| | eng d
040 _aPPAK
_beng
_cPPAK
_erda
082 0 4 _a320
_223
090 0 0 _a320
_bEMM
_dKSS
100 0 _aEmmanuel Aito,
_eauthor
245 1 0 _aLanguage and nation building: language in Politics in Nigeria
264 1 _aKuala Lumpur :
_c2004
300 _a24 pages ;
_c30 cm
336 _2rdacontent
_atext
337 _2rdamedia
_aunmediated
338 _2rdacarrier
_avolume
650 1 0 _aPolitical Science
942 _ddc
_cB
999 _c88455
_d88455